Lucas van Leyden (Record no. 2358)

MARC details
000 -CABECERA
campo de control de longitud fija 00698nam a2200229 a 4500
001 - NÚMERO DE CONTROL
campo de control BRCA_2618
005 - FECHA Y HORA DE LA ÚLTIMA TRANSACCIÓN
campo de control 20190320203907.0
008 - DATOS DE LONGITUD FIJA--INFORMACIÓN GENERAL
campo de control de longitud fija 281108s1925----gw-a---###---#000-0#ger-u
050 #4 - SIGNATURA TOPOGRÁFICA DE LA BIBLIOTECA DEL CONGRESO
Número de clasificación ND653
Número de documento/Ítem .F75 1925
100 1# - ENTRADA PRINCIPAL--NOMBRE DE PERSONA
Nombre de persona Friedländer, Max J.
9 (RLIN) 7466
245 10 - MENCIÓN DE TÍTULO
Título Lucas van Leyden
Mención de responsabilidad, etc. von Max J. Friedländer.
260 ## - PUBLICACIÓN, DISTRIBUCIÓN, ETC.
Lugar de publicación, distribución, etc. Leipzig, Alemania
Nombre del editor, distribuidor, etc. Klinkhardt & Biermann
Fecha de publicación, distribución, etc. 1925
300 ## - DESCRIPCIÓN FÍSICA
Extensión vii, 43 p.
Otras características físicas il., 82 láminas
Dimensiones 32 cm.
440 #0 - MENCIÓN DE SERIE/PUNTO DE ACCESO ADICIONAL--TÍTULO
Título Meister der Graphik
Designación de volumen o secuencia 13
9 (RLIN) 7467
500 ## - NOTA GENERAL
Nota general Incluye índice de grabados
500 ## - NOTA GENERAL
Nota general A76
600 14 - PUNTO DE ACCESO ADICIONAL DE MATERIA--NOMBRE DE PERSONA
Nombre de persona Leyden, Lucas van
Fechas asociadas al nombre 1494-1533
9 (RLIN) 7468
650 14 - PUNTO DE ACCESO ADICIONAL DE MATERIA--TÉRMINO DE MATERIA
Término de materia o nombre geográfico como elemento de entrada Grabadores holandeses
9 (RLIN) 7366
650 14 - PUNTO DE ACCESO ADICIONAL DE MATERIA--TÉRMINO DE MATERIA
Término de materia o nombre geográfico como elemento de entrada Pintores holandeses
9 (RLIN) 7469
902 ## - CATALOGADOR
Iniciales GFM
942 ## - ELEMENTOS DE PUNTO DE ACCESO ADICIONAL (KOHA)
Fuente del sistema de clasificación o colocación Library of Congress Classification
Tipo de ítem Koha Libros
Holdings
Estado de retiro Estado de pérdida Estado dañado No para préstamo Localización permanente Ubicación/localización actual Fecha de adquisición Número de inventario Total de préstamos Signatura topográfica completa Código de barras Fecha visto por última vez Precio válido a partir de Tipo de ítem Koha
El ejemplar forma parte de la colección y puede ser consultado según las políticas vigentes.       Biblioteca del Museo Franz Mayer (Rogerio Casas-Alatriste) Biblioteca del Museo Franz Mayer (Rogerio Casas-Alatriste) 28/11/2008 A76   ND653 .F75 1925 (A76) 2615 22/03/2019 22/03/2019 Libros